Bandiere del Mondo - Africa Quiz n°2 - Statistics

Statistiche generali
  • Questo quiz è stato fatto 126 volte
  • Il punteggio medio è 14 su 18
Statistiche sulle risposte
con Immagini Risposta % Corretto
Marocco
96%
Costa d'Avorio
95%
Tanzania
86%
Uganda
86%
Senegal
85%
Etiopia
84%
Ghana
81%
Libia
81%
Gabon
79%
Repubblica Centrafricana
78%
Mali
75%
Benin
71%
Zimbabwe
69%
Gibuti
66%
Guinea Equatoriale
66%
Namibia
64%
São Tomé e Príncipe
61%
Sudan del Sud
56%
Nessun quiz corrispondente trovato
Distribuzione punteggi
Percentuale di utenti per punteggio
Percentile per numero di risposta
I tuoi punteggi nel tempo
Non hai fatto questo quiz